01153 a2200181 45000010006000000050017000060080041000230030015000640400040000790800075001192450089001942500012002832640028002953000019003235050601003420410008009431000020009515015120260407155802.0260407a1971 arg spa dAR-UNSa-BCEJYS aAR-UNSa-BCEJYSbspacAR-UNSa-BCEJYS a330.834xKeynes y el keynesianismo. Neokeynesianismo. Poskeynesianismo10aLa teoría económica de John Maynard Keynespteoría de una economía monetaria a9a. ed. 1aMadrid :bAguilarc1971 a372 p.c18 cm. a1. Introducción e ideas fundamentales - 2. El fondo clásico - 3. Resumen preliminar de la teoría general del empleo - 4. Inversión, ahorro, renta y la unidad de salario - 5. La propensión al consumo y el multiplicador de la inversión - 6. Política fiscal de la depresión - 7. La eficacia marginal del capital - 8. El interés y el dinero - 9. Los salarios monetarios y los precios - 10. La inflación de la guerra y la posguerra - 11. Otras aplicaciones de la teoría general del empleo de Keynes - 12. Evolución del pensamiento de Keynes y filosofía social a que conduce. aspa1 aDillard, Dudley